Genetics of industrial microorganisms/ (Record no. 14609)
[ view plain ]
| 000 -LEADER | |
|---|---|
| fixed length control field | 00925cam a2200265 4500 |
| 001 - CONTROL NUMBER | |
| control field | 14609 |
| 003 - CONTROL NUMBER IDENTIFIER | |
| rucl marc code | BD-RjUL |
| 005 - DATE AND TIME OF LATEST TRANSACTION | |
| control field | 20211208235647.0 |
| 008 - FIXED-LENGTH DATA ELEMENTS--GENERAL INFORMATION | |
| fixed length control field | 140206s1973 ne a b 101 0 eng |
| 035 ## - SYSTEM CONTROL NUMBER | |
| System control number | (BD-RjUL)14662 |
| 040 ## - CATALOGING SOURCE | |
| Original cataloging agency | DLC |
| Transcribing agency | DLC |
| Modifying agency | DLC |
| -- | BD-RjUL |
| Language of cataloging | eng |
| 041 ## - LANGUAGE CODE | |
| Language code of text/sound track or separate title | eng |
| 082 00 - DEWEY DECIMAL CLASSIFICATION NUMBER | |
| Classification number | 660.62 |
| Author mark and year | GEN 1973 |
| 245 10 - TITLE STATEMENT | |
| Title | Genetics of industrial microorganisms/ |
| Statement of responsibility, etc. | Edited by Zdenko Vaněk, Zdeněk Hošťálek [and] Josef Cudlín. |
| Number of part/section of a work | Volume 2 : |
| Name of part/section of a work | Actinomycetes and fungi. |
| 260 ## - PUBLICATION, DISTRIBUTION, ETC. (IMPRINT) | |
| Place of publication, distribution, etc. | Prague : |
| Name of publisher, distributor, etc. | Elsevier Pub. Co., |
| Date of publication, distribution, etc. | 1973. |
| 300 ## - PHYSICAL DESCRIPTION | |
| Pagination | 511 p. : |
| Illustrations | illus. ; |
| Size | 25 cm. |
| 504 ## - BIBLIOGRAPHY, ETC. NOTE | |
| Bibliography, etc | Includes bibliographical references and index. |
| 505 0# - FORMATTED CONTENTS NOTE | |
| Formatted contents note | Vol. 1--Vol.2--- |
| 650 #0 - SUBJECT ADDED ENTRY--TOPICAL TERM | |
| Topical term or geographic name as entry element | Industrial microorganisms |
| General subdivision | Genetics |
| -- | Congresses. |
| 9 (RLIN) | 45543 |
| 700 1# - ADDED ENTRY--PERSONAL NAME | |
| Personal name | Vaněk, Z. |
| Fuller form of name | (Zdenko), |
| Relator term | ed. |
| Personal name | Hošťálek, Zdeněk, |
| Relator term | ed. |
| Personal name | Cudlín, Josef, |
| Relator term | ed. |
| 942 ## - ADDED ENTRY ELEMENTS (KOHA) | |
| Source of classification or shelving scheme | Dewey Decimal Classification |
| Koha item type | Books |
| Lost status | Source of classification or shelving scheme | Damaged status | Not for loan | Collection code | Permanent Location | Current Location | Shelving location | Date acquired | Source of acquisition | Total Checkouts | Full call number | Date last seen | Copy number | Koha item type |
|---|---|---|---|---|---|---|---|---|---|---|---|---|---|---|
| Dewey Decimal Classification | Not For Loan | Non-fiction | Central Library, University of Rajshahi | Central Library, University of Rajshahi | Reading Room | 18/09/1980 | Netherland. | 660.62 GEN V-2 1973 | 06/02/2014 | C-1 | Books | |||
| Dewey Decimal Classification | Not For Loan | Non-fiction | Central Library, University of Rajshahi | Central Library, University of Rajshahi | Reading Room | 18/09/1980 | Netharland | 660.62 GEN V-1 1973 | 25/05/2017 | C-1 | Books |